000 00643nam a22001697a 4500
999 _c14873
_d14873
008 200123b ||||| |||| 00| 0 eng d
082 _22019
_aUT 1412
_bOl11
100 _aOlaguir, Rona M.
_941287
245 _aEating Behavior Among Senior High School Students/
_cRona M. Olaguir, Lorie Mae C. Ramos & Rechel Joy A. Songcog
260 _aDigos City
_bUMDC
_cDecember 2019
300 _a37 pages
_c30 cm
650 _aTechnical Teacher Education
_vFood Service Management
_xUndergraduate Thesis
_96834
700 _aOlaguir, Rona M.
_941288
700 _aRamos,Lorie Mae C.
_941289
700 _aSongcog,Rechel Joy A.
_941290
942 _2ddc
_cUT